[Event "35th T-ch GR"]
[Site "Ermioni"]
[Date "2006.07.08"]
[Round "5.3"]
[White "Vragoteris, Antonios"]
[Black "Tassopoulos, Marios"]
[Result "0-1"]
[WhiteElo "2336"]
[BlackElo "2270"]
[PlyCount "118"]
[EventDate "2006.07.03"]

1. d4 d5 2. c4 e6 3. Nc3 Be7 4. Nf3 Nf6 5. Bg5 O-O 6. cxd5 Nxd5 7. Bxe7 Qxe7 8.
e4 Nxc3 9. bxc3 c5 10. Be2 Nc6 11. O-O Rd8 12. Qa4 Bd7 13. Qb3 e5 14. d5 Na5
15. Qa3 b6 16. Ba6 Bc8 17. Bxc8 Rdxc8 18. Nd2 Rd8 19. Rae1 Rd6 20. c4 g5 21.
Qc3 Rg6 22. Nf3 Re8 23. g4 h5 24. h3 hxg4 25. hxg4 Qf6 26. Nh2 Rh6 27. f4 gxf4
28. Nf3 Rh3 29. Kf2 Qh4+ 30. Nxh4 Rxc3 31. Rh1 Nxc4 32. Nf5 Ne3 33. Reg1 Nxf5
34. gxf5+ Rg3 35. Rxg3+ fxg3+ 36. Kxg3 Kg7 37. Rc1 Rd8 38. a4 Kf6 39. a5 Ke7
40. Rb1 Rb8 41. axb6 axb6 42. Rb5 Kd6 43. f6 Rg8+ 44. Kh4 Kc7 45. Rb2 Rg6 46.
d6+ Kc6 47. d7 Rg8 48. Rd2 Rd8 49. Rd5 Rxd7 50. Rxe5 c4 51. Rf5 b5 52. e5 c3
53. e6 fxe6 54. f7 Rxf7 55. Rxf7 b4 56. Rf4 Kc5 57. Rf8 b3 58. Kg4 b2 59. Rc8+
Kd4 0-1

[Event "35th T-ch GR"]
[Site "Ermioni"]
[Date "2006.07.08"]
[Round "5.4"]
[White "Socko, Bartosz"]
[Black "Gelashvili, Tamaz"]
[Result "0-1"]
[WhiteElo "2621"]
[BlackElo "2575"]
[PlyCount "68"]
[EventDate "2006.07.03"]

1. e4 c6 2. d4 d5 3. e5 Bf5 4. Nf3 e6 5. Be2 c5 6. O-O Nc6 7. c3 cxd4 8. Nxd4
Nxd4 9. cxd4 Ne7 10. Nc3 Nc6 11. Be3 Be7 12. a3 O-O 13. b4 f6 14. exf6 Bxf6 15.
Rc1 Rc8 16. Na4 Nxd4 17. Bd3 Rxc1 18. Bxc1 Bxd3 19. Qxd3 Qe8 20. Nc3 Qg6 21.
Qxg6 hxg6 22. Be3 Rc8 23. Bxd4 Bxd4 24. Nb5 Bb6 25. a4 a6 26. Nd6 Rc7 27. a5
Bd4 28. b5 Be5 29. b6 Rd7 30. Nc8 Rd8 31. Rc1 d4 32. Ne7+ Kf7 33. Rc7 Bxc7 34.
bxc7 Kxe7 0-1

[Event "35th T-ch GR"]
[Site "Ermioni"]
[Date "2006.07.08"]
[Round "5.1"]
[White "Kourkounakis, Ilias"]
[Black "Kanellopoulos, Panayotis"]
[Result "1/2-1/2"]
[WhiteElo "2379"]
[BlackElo "2271"]
[PlyCount "23"]
[EventDate "2006.07.03"]

1. d4 Nf6 2. Nf3 g6 3. g3 Bg7 4. Bg2 O-O 5. b3 c5 6. O-O cxd4 7. Nxd4 d5 8. Bb2
Nc6 9. Nxc6 bxc6 10. c4 Be6 11. Nd2 Qb6 12. cxd5 1/2-1/2

[Event "35th T-ch GR"]
[Site "Ermioni"]
[Date "2006.07.08"]
[Round "5.2"]
[White "Vaisser, Anatoly"]
[Black "Tsarouhas, Konstantinos"]
[Result "1-0"]
[WhiteElo "2568"]
[BlackElo "2282"]
[PlyCount "65"]
[EventDate "2006.07.03"]

1. d4 Nf6 2. c4 g6 3. Nc3 Bg7 4. e4 d6 5. f4 O-O 6. Nf3 a6 7. Bd3 c6 8. e5 Ng4
9. h3 Nh6 10. g4 f6 11. exf6 exf6 12. Kf2 b5 13. b3 f5 14. g5 Nf7 15. Bb2 Re8
16. Qd2 Nd7 17. Rae1 Nf8 18. Rxe8 Qxe8 19. Re1 Qd8 20. d5 b4 21. Na4 c5 22.
Bxg7 Kxg7 23. Qb2+ Kg8 24. h4 h5 25. Re3 Bd7 26. Qe2 Nh7 27. Nh2 Kf8 28. Nf1
Qc7 29. Ng3 Re8 30. Rxe8+ Bxe8 31. Qb2 Kg8 32. Bxf5 gxf5 33. Nxf5 1-0

[Event "35th T-ch GR"]
[Site "Ermioni"]
[Date "2006.07.08"]
[Round "5.3"]
[White "Postny, Evgeny"]
[Black "Bojkov, Dejan"]
[Result "1-0"]
[WhiteElo "2591"]
[BlackElo "2445"]
[PlyCount "171"]
[EventDate "2006.07.03"]

1. d4 Nf6 2. c4 g6 3. Nc3 Bg7 4. e4 d6 5. f3 O-O 6. Nge2 a6 7. Be3 Nbd7 8. Qd2
c5 9. Rd1 Qa5 10. Nc1 e6 11. Be2 Qc7 12. O-O b6 13. a3 Bb7 14. d5 exd5 15. cxd5
b5 16. b4 Rac8 17. N3a2 cxb4 18. axb4 Rfe8 19. Rfe1 Qc2 20. Qxc2 Rxc2 21. Bd3
Rcc8 22. Nb3 Ne5 23. Bf1 Rc2 24. Rd2 Rxd2 25. Bxd2 Rc8 26. Rc1 Rxc1 27. Naxc1
Ne8 28. Na5 Bc8 29. f4 Ng4 30. Nc6 Bd7 31. Be2 Bxc6 32. Bxg4 Bb7 33. Ne2 f5 34.
exf5 Bc8 35. Ng3 Bd4+ 36. Kf1 Ng7 37. Ke2 Nxf5 38. Kd3 Bf6 39. Bc3 Be7 40. Nf1
h5 41. Bf3 Kf7 42. g3 Bd8 43. Nd2 Be7 44. Be4 Nh6 45. Nf3 Bf5 46. Bxf5 Nxf5 47.
Ke4 Bd8 48. Be1 Bf6 49. h3 Nh6 50. Bd2 Nf5 51. g4 hxg4 52. hxg4 Ne7 53. Be1 Nc8
54. g5 Bb2 55. Nh4 Bc1 56. Bc3 Ne7 57. Bf6 Ng8 58. Bc3 Ne7 59. Be1 Nc8 60. Nf3
Bb2 61. Bd2 Nb6 62. Be1 Nc8 63. Ng1 Nb6 64. Ne2 Nc4 65. Bc3 Bxc3 66. Nxc3 Nd2+
67. Kd3 Nc4 68. Ne2 Ke7 69. Nd4 Kf7 70. Ne6 a5 71. bxa5 Nxa5 72. Nd4 b4 73. Nc6
Nb7 74. Nxb4 Nc5+ 75. Kd4 Nb3+ 76. Kc4 Nc5 77. Kb5 Ke8 78. Kc6 Ke7 79. Kc7 Ne4
80. Nc6+ Kf7 81. Kd7 Kg7 82. Ke7 Nc5 83. Kxd6 Nd3 84. Ke7 Nxf4 85. d6 Nd5+ 86.
Ke8 1-0

[Event "35th T-ch GR"]
[Site "Ermioni"]
[Date "2006.07.08"]
[Round "5.3"]
[White "Dimitrov, Atanas"]
[Black "Kritz, Leonid"]
[Result "0-1"]
[WhiteElo "2288"]
[BlackElo "2578"]
[PlyCount "68"]
[EventDate "2006.07.03"]

1. d4 Nf6 2. Nf3 c6 3. c4 a6 4. Bf4 b5 5. Nbd2 Nh5 6. Be3 g6 7. g4 Nf6 8. h3
Bg7 9. Bg2 O-O 10. O-O d6 11. Qc1 h5 12. g5 Nfd7 13. a4 Nb6 14. b3 bxc4 15.
bxc4 a5 16. Ne1 d5 17. c5 N6d7 18. f4 Ba6 19. Rf2 Re8 20. Nef3 Nf8 21. Nh4 Nbd7
22. Ndf3 f5 23. Bd2 Qc7 24. Qc2 Ne6 25. e3 Nexc5 26. Nxg6 Ne4 27. Nfh4 Nxf2 28.
Nxe7+ Rxe7 29. Bxd5+ Kf8 30. Ng6+ Ke8 31. Kxf2 Bxd4 32. Nxe7 Qxf4+ 33. Kg2
Qxg5+ 34. Kh1 Bxa1 0-1

[Event "35th T-ch GR"]
[Site "Ermioni"]
[Date "2006.07.09"]
[Round "6.1"]
[White "Macieja, Bartlomiej"]
[Black "Gelashvili, Tamaz"]
[Result "1/2-1/2"]
[WhiteElo "2613"]
[BlackElo "2575"]
[PlyCount "68"]
[EventDate "2006.07.03"]

1. e4 c6 2. d4 d5 3. e5 Bf5 4. Nf3 e6 5. Be2 c5 6. Be3 cxd4 7. Nxd4 Ne7 8. c4
Nbc6 9. Nc3 Nxd4 10. Bxd4 dxc4 11. Bxc4 Nc6 12. Bb5 Be7 13. O-O O-O 14. Bxc6
bxc6 15. Ne2 c5 16. Bc3 Qxd1 17. Rfxd1 Rfd8 18. Kf1 Kf8 19. Ke1 Ke8 20. Rxd8+
Rxd8 21. Rd1 Rxd1+ 22. Kxd1 Kd7 23. Bd2 Kc6 24. Nc3 g5 25. Ke2 Bd8 26. f3 Bc7
27. g4 Bg6 28. f4 gxf4 29. Bxf4 c4 30. Bg3 a5 31. a3 Bd8 32. h4 f6 33. exf6
Bxf6 34. Bf2 Bxc3 1/2-1/2

[Event "35th T-ch GR"]
[Site "Ermioni"]
[Date "2006.07.09"]
[Round "6.1"]
[White "Dalaklis, Georgios"]
[Black "Svetushkin, Dmitry"]
[Result "0-1"]
[WhiteElo "2178"]
[BlackElo "2569"]
[PlyCount "36"]
[EventDate "2006.07.03"]

1. c4 Nf6 2. Nc3 e5 3. g3 Bb4 4. Bg2 O-O 5. e3 Bxc3 6. bxc3 Re8 7. Ne2 e4 8. f3
exf3 9. Bxf3 Nc6 10. O-O Ne5 11. d3 d5 12. Bxd5 Bh3 13. Rf2 c6 14. d4 Neg4 15.
Bxf7+ Kxf7 16. Rf3 Ne5 17. Rf2 Kg8 18. Qb3 Nd3 0-1

[Event "35th T-ch GR"]
[Site "Ermioni"]
[Date "2006.07.09"]
[Round "6.1"]
[White "Tzermiadianos, Andreas"]
[Black "Ziogas, Paris"]
[Result "1-0"]
[WhiteElo "2462"]
[BlackElo "2139"]
[PlyCount "163"]
[EventDate "2006.07.03"]

1. e4 c5 2. c3 d5 3. exd5 Qxd5 4. d4 Nf6 5. Nf3 Bg4 6. Qa4+ Bd7 7. Qb3 Qxb3 8.
axb3 e6 9. dxc5 Bxc5 10. Nbd2 Nc6 11. b4 Bb6 12. Nc4 O-O 13. Nxb6 axb6 14. Rxa8
Rxa8 15. Be2 Ra1 16. O-O Nd5 17. Bd2 Rxf1+ 18. Kxf1 f6 19. b5 Nd8 20. c4 Ne7
21. Be3 Nc8 22. Nd2 Kf7 23. Ne4 Ke7 24. Ke1 e5 25. Nc3 Kd6 26. Nd5 Bxb5 27.
Nxb6 Bd7 28. Nxd7 Kxd7 29. Bg4+ Kc7 30. f4 Nc6 31. Be6 N8e7 32. Kd2 Kd6 33. Bg4
Ng6 34. g3 exf4 35. gxf4 Nge7 36. Kc3 Kc7 37. Bd2 f5 38. Bh5 Nd8 39. Kd3 Ne6
40. Ke3 Ng6 41. Kf3 Kc6 42. Kg3 Kc5 43. Be2 Kd4 44. h4 Nc5 45. Be1 Nd3 46. Bc3+
Kxc4 47. Be5 Ngxe5 48. fxe5 Kd5 49. Bxd3 Kxe5 50. Kf3 g6 51. Bc4 h6 52. Bf7 g5
53. h5 Kd6 54. Bc4 Ke5 55. Bd3 Kf6 56. Kg3 Ke5 57. Bc2 Kf6 58. Bd1 Ke5 59. Bf3
b6 60. Bc6 Kd4 61. Kf3 Ke5 62. Bd7 Kf6 63. Ke3 Ke5 64. Bc8 Kf6 65. b4 Ke5 66.
b5 Kf6 67. Bd7 Ke5 68. Bc6 Kf6 69. Kd4 g4 70. Kd5 Kg5 71. Kd6 f4 72. Kc7 f3 73.
Kxb6 Kf4 74. Ka5 g3 75. b6 g2 76. b7 g1=Q 77. b8=Q+ Kf5 78. Qf8+ Ke5 79. Qe7+
Kf5 80. Bd7+ Kf4 81. Qd6+ Ke4 82. Qg6+ 1-0

[Event "35th T-ch GR"]
[Site "Ermioni"]
[Date "2006.07.09"]
[Round "6.2"]
[White "Mastrovasilis, Athanasios"]
[Black "Georgiev, Krum"]
[Result "1/2-1/2"]
[WhiteElo "2521"]
[BlackElo "2485"]
[PlyCount "82"]
[EventDate "2006.07.03"]

1. c4 Nf6 2. g3 g6 3. Bg2 Bg7 4. Nc3 O-O 5. d3 c5 6. Rb1 Nc6 7. a3 Ne8 8. Bd2
a5 9. h4 h5 10. Nh3 d6 11. Nf4 Nc7 12. O-O Bd7 13. Nfd5 Nxd5 14. Bxd5 Rb8 15.
Nb5 Nd4 16. Nxd4 Bxd4 17. b4 axb4 18. axb4 b6 19. Qc2 Qc7 20. b5 Bc8 21. e3 Bg7
22. Bc3 Bxc3 23. Qxc3 Bb7 24. e4 Ra8 25. Ra1 Rfb8 26. f4 Qc8 27. f5 Rxa1 28.
Qxa1 Bxd5 29. exd5 Ra8 30. Qe1 Qd7 31. Qe4 Kg7 32. fxg6 fxg6 33. Qf4 Qg4 34.
Qxg4 hxg4 35. Rf4 Ra3 36. Rxg4 Rxd3 37. h5 g5 38. Rxg5+ Kh6 39. Rg8 Kxh5 40.
Rg7 Rc3 41. Rxe7 Rxc4 1/2-1/2

[Event "35th T-ch GR"]
[Site "Ermioni"]
[Date "2006.07.09"]
[Round "6.2"]
[White "Karayannis, Athanasios"]
[Black "Vragoteris, Antonios"]
[Result "1-0"]
[WhiteElo "2380"]
[BlackElo "2336"]
[PlyCount "71"]
[EventDate "2006.07.03"]

1. d4 Nf6 2. Nf3 e6 3. Bg5 c5 4. e3 Qb6 5. Qc1 Nc6 6. c3 d5 7. Bd3 Bd6 8. O-O
e5 9. Bxf6 e4 10. dxc5 Bxc5 11. b4 Bd6 12. Bd4 Qc7 13. b5 exf3 14. bxc6 Bxh2+
15. Kh1 Qd6 16. Nd2 fxg2+ 17. Kxg2 Qh6 18. f3 bxc6 19. Kf2 Bh3 20. Ke2 O-O 21.
Rh1 Bg2 22. Rxh2 Qxh2 23. Qg1 Bxf3+ 24. Kxf3 Qh5+ 25. Qg4 Qxg4+ 26. Kxg4 Rfb8
27. c4 dxc4 28. Bxc4 Rb7 29. Kf3 Rd8 30. Rg1 g6 31. Ne4 Kf8 32. Rd1 Rbd7 33.
Nf6 Re7 34. Nxh7+ Kg8 35. Nf6+ Kf8 36. Ke2 1-0

[Event "35th T-ch GR"]
[Site "Ermioni"]
[Date "2006.07.09"]
[Round "6.3"]
[White "Navara, David"]
[Black "Rozentalis, Eduardas"]
[Result "1/2-1/2"]
[WhiteElo "2719"]
[BlackElo "2605"]
[PlyCount "85"]
[EventDate "2006.07.03"]

1. e4 Nf6 2. e5 Nd5 3. d4 d6 4. Nf3 dxe5 5. Nxe5 c6 6. Bd3 Nd7 7. Nf3 N7f6 8.
h3 Nb4 9. Be2 Bf5 10. Na3 e6 11. O-O Be7 12. c3 Nbd5 13. Nc4 O-O 14. Nce5 h6
15. c4 Nb6 16. Qb3 Qc8 17. Rd1 Rd8 18. Bf4 c5 19. Bd3 Bxd3 20. Rxd3 cxd4 21.
Rad1 Qc5 22. Rxd4 Rxd4 23. Rxd4 Rc8 24. a3 a5 25. Qd3 a4 26. g4 Ne8 27. Nd7
Nxd7 28. Rxd7 Bf6 29. Rxb7 Qxc4 30. Qxc4 Rxc4 31. Bg3 Kf8 32. Ne5 Bxe5 33. Bxe5
f6 34. Bc3 Nc7 35. Bb4+ Ke8 36. Bd6 Kd7 37. Bxc7 Rxc7 38. Rb4 Ra7 39. Kf1 g5
40. Ke2 Kc6 41. Kd3 Kc5 42. Kc3 f5 43. gxf5 1/2-1/2

[Event "35th T-ch GR"]
[Site "Ermioni"]
[Date "2006.07.09"]
[Round "6.3"]
[White "Vouldis, Angelos"]
[Black "Haritakis, Theodoros"]
[Result "1-0"]
[WhiteElo "2521"]
[BlackElo "2294"]
[PlyCount "69"]
[EventDate "2006.07.03"]

1. d4 Nf6 2. c4 g6 3. Nf3 Bg7 4. g3 O-O 5. Bg2 c5 6. O-O cxd4 7. Nxd4 Nc6 8.
Nc3 Nxd4 9. Qxd4 d6 10. Qd3 Rb8 11. Bd2 a6 12. Rac1 Be6 13. b3 Qd7 14. Nd5 b5
15. Bg5 bxc4 16. bxc4 Bxd5 17. cxd5 Qb5 18. Qd2 Qb4 19. Rc2 Qxd2 20. Bxd2 Rb7
21. Rfc1 h6 22. a4 Rfb8 23. Rc6 Nd7 24. Be3 Rb1 25. Rf1 Nf6 26. Bf3 Rxf1+ 27.
Kxf1 Rb1+ 28. Kg2 Rd1 29. Ba7 g5 30. h3 h5 31. g4 hxg4 32. hxg4 Rd2 33. Be3 Rb2
34. Rxa6 Rb4 35. Bxg5 1-0

[Event "35th T-ch GR"]
[Site "Ermioni"]
[Date "2006.07.09"]
[Round "6.4"]
[White "Nikolaidis, Ioannis"]
[Black "Skembris, Spyridon"]
[Result "1/2-1/2"]
[WhiteElo "2538"]
[BlackElo "2458"]
[PlyCount "34"]
[EventDate "2006.07.03"]

1. d4 Nf6 2. c4 e6 3. Nc3 Bb4 4. Qc2 O-O 5. a3 Bxc3+ 6. Qxc3 b6 7. Bg5 Bb7 8.
e3 d6 9. Ne2 Nbd7 10. Qd2 e5 11. Nc3 exd4 12. Qxd4 Re8 13. Rd1 Re5 14. Bh4 Qe8
15. Bg3 Re6 16. Nd5 c5 17. Qc3 Ne4 1/2-1/2

[Event "35th T-ch GR"]
[Site "Ermioni"]
[Date "2006.07.09"]
[Round "6.4"]
[White "Markidis, Konstantinos"]
[Black "Souleidis, Georgios"]
[Result "1-0"]
[WhiteElo "2370"]
[BlackElo "2412"]
[PlyCount "81"]
[EventDate "2006.07.03"]

1. e4 c5 2. Nf3 e6 3. Nc3 Nc6 4. Be2 Nf6 5. O-O d5 6. exd5 Nxd5 7. d4 Nxc3 8.
bxc3 Be7 9. Be3 O-O 10. Qd3 cxd4 11. cxd4 b6 12. c4 Ba6 13. Rac1 Rc8 14. Qe4
Na5 15. Bd3 g6 16. Bh6 Re8 17. Qf4 Bf8 18. Rfd1 Bxh6 19. Qxh6 Qf6 20. c5 Bxd3
21. Rxd3 bxc5 22. dxc5 Rc7 23. h4 Rec8 24. Rcd1 Nc6 25. Rd6 Qg7 26. Qe3 Qf8 27.
Ng5 Qe7 28. g3 e5 29. Ne4 Nd4 30. R1xd4 exd4 31. Qxd4 f5 32. Nf6+ Kf8 33. Nd5
Qe1+ 34. Kh2 Rg7 35. c6 Qe4 36. Qf6+ Kg8 37. c7 Rgxc7 38. Nxc7 Qf3 39. Rd8+
Rxd8 40. Qxd8+ Kg7 41. Ne6+ 1-0

[Event "35th T-ch GR"]
[Site "Ermioni"]
[Date "2006.07.09"]
[Round "6.4"]
[White "Markantonaki, Haritomeni"]
[Black "Botsari, Anna-Maria"]
[Result "1-0"]
[WhiteElo "2166"]
[BlackElo "2372"]
[PlyCount "79"]
[EventDate "2006.07.03"]

1. e4 c5 2. Nf3 e6 3. d4 cxd4 4. Nxd4 Nc6 5. Nc3 a6 6. Be3 Nf6 7. Bd3 Qc7 8.
O-O h5 9. h3 b5 10. Nxc6 Qxc6 11. Be2 Qc7 12. Bf3 Rb8 13. Bd4 Bd6 14. Re1 Bh2+
15. Kh1 Be5 16. Nd5 exd5 17. Bxe5 d6 18. Bxd6 Qxd6 19. e5 Qb6 20. exf6+ Kf8 21.
fxg7+ Kxg7 22. Qxd5 Rh6 23. Qe5+ Rf6 24. Re4 Qa7 25. Bxh5 Rbb6 26. Qg3+ Kf8 27.
Rd1 Be6 28. Rd8+ Ke7 29. Qg8 Rxf2 30. Re8+ Kd7 31. Rd4+ Kc6 32. Bf3+ Rxf3 33.
gxf3 Qc7 34. Qg5 Rb7 35. b4 Kb6 36. Qe3 Ka7 37. Rdd8+ Rb6 38. Ra8+ Kb7 39.
Reb8+ Kc6 40. Qc5+ 1-0

[Event "35th T-ch GR"]
[Site "Ermioni"]
[Date "2006.07.09"]
[Round "6.4"]
[White "Borosova, Zuzana"]
[Black "Majdan, Joanna"]
[Result "1/2-1/2"]
[WhiteElo "2210"]
[BlackElo "2314"]
[PlyCount "109"]
[EventDate "2006.07.03"]

1. e4 c5 2. Nf3 Nc6 3. d4 cxd4 4. Nxd4 Nf6 5. Nc3 d6 6. Bc4 Na5 7. Bb5+ Bd7 8.
Qe2 e6 9. Bg5 Be7 10. O-O-O a6 11. Bxd7+ Nxd7 12. Bxe7 Qxe7 13. Nb3 Nxb3+ 14.
axb3 Rc8 15. Qd2 Rc6 16. Rhe1 O-O 17. Re3 Rd8 18. f4 b5 19. Kb1 Nc5 20. Qd4
Rcc8 21. f5 Kh8 22. Rg3 f6 23. b4 Na4 24. Nxa4 bxa4 25. fxe6 Qxe6 26. Qa7 Rg8
27. Qxa6 Qxe4 28. Qd3 Qxb4 29. Qxd6 Qe4 30. Qd3 Qe7 31. Qd7 Qe4 32. Rc1 Rb8 33.
Rg4 Qe5 34. Qd4 Qb5 35. c4 Qf5+ 36. Qe4 Qf2 37. Qc2 Qc5 38. Rg3 Rb4 39. Rh3 h6
40. Qd2 Rgb8 41. Rc2 Rxc4 42. Rxh6+ Kg8 43. Rh3 Qf5 44. Qd3 Rxc2 45. Qxc2 Qxc2+
46. Kxc2 Re8 47. Rd3 Kf7 48. Kc3 Re2 49. Rd2 Re4 50. h3 Ke6 51. Rd4 Re3+ 52.
Rd3 Re2 53. Rd2 Re4 54. Rd4 Re3+ 55. Rd3 1/2-1/2

[Event "35th T-ch GR"]
[Site "Ermioni"]
[Date "2006.07.09"]
[Round "6.4"]
[White "Manelidis, Savvas"]
[Black "Sandalakis, Angelos"]
[Result "1/2-1/2"]
[WhiteElo "2036"]
[BlackElo "2220"]
[PlyCount "154"]
[EventDate "2006.07.03"]

1. e4 e6 2. d4 c5 3. d5 exd5 4. exd5 d6 5. Nf3 Be7 6. h3 Nf6 7. c4 O-O 8. Bd3
Nbd7 9. O-O Re8 10. Nc3 Nf8 11. Re1 Bd7 12. b3 Ng6 13. Bb2 Nh5 14. Ne4 Nhf4 15.
Bc2 Qc8 16. Re3 b5 17. Ng3 Rb8 18. Bc3 bxc4 19. bxc4 Qa6 20. Bb3 Bf8 21. Qc2 f6
22. Rae1 Ne5 23. Nxe5 fxe5 24. Ne2 Ng6 25. Qe4 Ba4 26. Bd2 Bxb3 27. axb3 Qa2
28. Qd3 Be7 29. Qc3 Qa6 30. Re4 Qb7 31. Ra1 Nh4 32. Qg3 Nf5 33. Qg4 Rf8 34. Ng3
Nd4 35. Nh5 Bf6 36. Be3 Nxb3 37. Qe6+ Kh8 38. Rf1 Qf7 39. Qxf7 Rxf7 40. f4 Re7
41. fxe5 Bxe5 42. Bg5 Bh2+ 43. Kxh2 Rxe4 44. Rf7 Re5 45. Rxg7 Rxg5 46. Rxg5 Na5
47. Rg4 Rf8 48. Re4 a6 49. Nf4 Nb3 50. Ne6 Rb8 51. Ng5 Kg7 52. Re6 Rb6 53. Ne4
a5 54. Nxd6 Rb8 55. Re7+ Kg6 56. Ne4 a4 57. d6 Na5 58. Nxc5 Nxc4 59. d7 Nb6 60.
Nxa4 Kf6 61. Re8 Nxd7 62. Rxb8 Nxb8 63. Kg3 Nd7 64. Nc3 Kg6 65. Kf4 Nf6 66. Ke5
Nd7+ 67. Kd6 Nf6 68. Ke6 Nh5 69. Nd5 h6 70. Ke5 Kg5 71. Ne3 Ng3 72. Nc4 Ne2 73.
Ne3 h5 74. Ke4 Ng1 75. Nf5 Ne2 76. Nd4 Nxd4 77. Kxd4 Kf4 1/2-1/2

[Event "35th T-ch GR"]
[Site "Ermioni"]
[Date "2006.07.09"]
[Round "6.4"]
[White "Kazantzidis, Ilias"]
[Black "Pavlidou, Ekaterini"]
[Result "1/2-1/2"]
[WhiteElo "2015"]
[BlackElo "1960"]
[PlyCount "60"]
[EventDate "2006.07.03"]

1. d4 Nf6 2. Bg5 e6 3. e3 c5 4. c3 b6 5. Nd2 Bb7 6. Ngf3 Be7 7. Bd3 d6 8. O-O
Nbd7 9. Qe2 d5 10. Ne1 O-O 11. f4 Ne4 12. Bxe7 Qxe7 13. Nxe4 dxe4 14. Ba6 Bxa6
15. Qxa6 cxd4 16. cxd4 Qb4 17. Qe2 Rac8 18. Rf2 Rc7 19. Qd2 Qxd2 20. Rxd2 Rfc8
21. Rad1 Nf6 22. Re2 g6 23. h3 h5 24. g3 Nd5 25. Kf2 Nb4 26. Ra1 Nc2 27. Nxc2
Rxc2 28. Rd1 Kf8 29. Ke1 Rc1 30. Red2 R1c2 1/2-1/2

[Event "35th T-ch GR"]
[Site "Ermioni"]
[Date "2006.07.09"]
[Round "6.1"]
[White "Shahtahtinsky, Alekper"]
[Black "Mastrokoukos, Georgios"]
[Result "1/2-1/2"]
[WhiteElo "2273"]
[BlackElo "2324"]
[PlyCount "42"]
[EventDate "2006.07.03"]

1. d4 Nf6 2. c4 g6 3. f3 Bg7 4. e4 d6 5. Nc3 c6 6. Bd3 e5 7. d5 O-O 8. g4 b5 9.
Be3 b4 10. Nce2 cxd5 11. cxd5 Na6 12. Bxa6 Bxa6 13. Qa4 Bd3 14. Qb3 Bb5 15.
Qxb4 Qd7 16. Qd2 a5 17. Ng3 Qb7 18. N1e2 Nd7 19. O-O Rfb8 20. b3 a4 21. bxa4
Bxe2 1/2-1/2

[Event "35th T-ch GR"]
[Site "Ermioni"]
[Date "2006.07.09"]
[Round "6.1"]
[White "Logothetis, Sotirios"]
[Black "Klokas, Konstantinos"]
[Result "0-1"]
[WhiteElo "2321"]
[BlackElo "2193"]
[PlyCount "66"]
[EventDate "2006.07.03"]

1. Nf3 f5 2. d4 Nf6 3. Bg5 Ne4 4. Bh4 c5 5. dxc5 Na6 6. Qd4 Naxc5 7. e3 d6 8.
Bb5+ Bd7 9. Bxd7+ Qxd7 10. O-O e5 11. Qd5 h6 12. b4 Ne6 13. Rd1 Nc7 14. Qxb7 g5
15. Nxe5 Qg7 16. Qc6+ Kd8 17. f4 gxh4 18. Na3 Rg8 19. g4 hxg3 20. h3 Rc8 21.
Nac4 Ne8 22. Qa6 Qc7 23. b5 Ke7 24. Nc6+ Kf7 25. Rd5 N8f6 26. Rd4 d5 27. N4e5+
Kg7 28. c4 Bc5 29. cxd5 Bxd4 30. Nxd4 Qb6 31. Nxf5+ Kh7 32. Qa3 Qc5 33. Qa6 Qc2
0-1

[Event "35th T-ch GR"]
[Site "Ermioni"]
[Date "2006.07.09"]
[Round "6.3"]
[White "Kritz, Leonid"]
[Black "Vaisser, Anatoly"]
[Result "1/2-1/2"]
[WhiteElo "2578"]
[BlackElo "2568"]
[PlyCount "98"]
[EventDate "2006.07.03"]

1. e4 e6 2. Nc3 d5 3. d4 dxe4 4. Nxe4 Nd7 5. Nf3 Ngf6 6. Nxf6+ Nxf6 7. Bg5 h6
8. Be3 Nd5 9. Bd3 Nxe3 10. fxe3 Bd6 11. O-O Qe7 12. c3 Bd7 13. Qb3 O-O 14. e4
e5 15. Rae1 Be6 16. Bc4 Bxc4 17. Qxc4 c6 18. g3 g6 19. Re2 Rad8 20. Kg2 Kg7 21.
Rd1 Bc7 22. d5 Rd7 23. Red2 Rfd8 24. Qb3 Bb6 25. dxc6 Rxd2+ 26. Rxd2 Rxd2+ 27.
Nxd2 bxc6 28. Qc4 Qd6 29. Qe2 Qc5 30. Nf3 h5 31. h3 f6 32. g4 hxg4 33. hxg4 Kf7
34. Kg3 Qe3 35. Qxe3 Bxe3 36. g5 Bc1 37. gxf6 Kxf6 38. b3 Bb2 39. c4 Ba3 40.
Kg4 Bc5 41. Nh4 Bf2 42. Nf3 Be3 43. Nh2 Bd2 44. Kh4 Be1+ 45. Kh3 Bc3 46. Nf3
Bb4 47. Kh4 Bc3 48. Kg4 Bb4 49. Kg3 Bc3 1/2-1/2

[Event "35th T-ch GR"]
[Site "Ermioni"]
[Date "2006.07.09"]
[Round "6.4"]
[White "Tsarouhas, Konstantinos"]
[Black "Kanellopoulos, Panayotis"]
[Result "1-0"]
[WhiteElo "2282"]
[BlackElo "2271"]
[PlyCount "97"]
[EventDate "2006.07.03"]

1. c4 Nf6 2. Nc3 g6 3. g3 Bg7 4. Bg2 O-O 5. Nf3 d6 6. O-O Nbd7 7. d4 e5 8. dxe5
dxe5 9. h3 c6 10. Be3 Qe7 11. Qd2 Re8 12. Rad1 Nc5 13. Ng5 Ne6 14. Nf3 Nc5 15.
Ng5 h6 16. b4 Ncd7 17. Nge4 Qxb4 18. Nd6 Rd8 19. Rb1 Qa3 20. Rb3 Qa5 21. Rxb7
Bf8 22. Nxc8 Nc5 23. Nd5 Qxd2 24. Nxf6+ Kg7 25. Bxd2 Nxb7 26. Bxc6 Rxd2 27.
Bxb7 Rb8 28. Ne4 Rd4 29. e3 Rxc4 30. Ncd6 Rc2 31. g4 Bxd6 32. Nxd6 Rd2 33. Nc4
Rxa2 34. Bd5 f6 35. e4 Rc2 36. Ra1 h5 37. Rxa7+ Kh6 38. gxh5 Kxh5 39. Kg2 Rd8
40. Ne3 Rc1 41. Kg3 Rg1+ 42. Kf3 Rh8 43. Rg7 Kg5 44. Be6 f5 45. exf5 Rxh3+ 46.
Ke4 Kf6 47. Rf7+ Kg5 48. Kxe5 Rf3 49. fxg6 1-0

[Event "35th T-ch GR"]
[Site "Ermioni"]
[Date "2006.07.10"]
[Round "7.1"]
[White "Svetushkin, Dmitry"]
[Black "Banikas, Hristos"]
[Result "1/2-1/2"]
[WhiteElo "2569"]
[BlackElo "2576"]
[PlyCount "86"]
[EventDate "2006.07.03"]

1. e4 c5 2. Nf3 d6 3. d4 Nf6 4. Nc3 cxd4 5. Nxd4 a6 6. Be3 Ng4 7. Bg5 h6 8. Bh4
g5 9. Bg3 Bg7 10. h3 Nf6 11. Qf3 Qb6 12. O-O-O Nc6 13. Nxc6 Qxc6 14. Be2 Nd7
15. Nd5 Ne5 16. Qe3 Be6 17. h4 g4 18. f4 Rc8 19. c3 Nc4 20. Bxc4 Qxc4 21. Kb1
f5 22. Rhe1 Qxe4+ 23. Qxe4 fxe4 24. Bf2 Rf8 25. g3 Bf5 26. Bd4 Bxd4 27. Rxd4
Bh7 28. Ne3 Rc5 29. Kc1 h5 30. Red1 Kd7 31. Kd2 b5 32. b4 Rc6 33. Rd5 Bg6 34.
Rg5 Bf7 35. a3 Rfc8 36. Rc1 d5 37. Nf5 e6 38. Nd4 Rc4 39. Re5 Kd6 40. Ne2 Ke7
41. Nd4 Kf6 42. Nb3 Bg6 43. Nd4 Rxd4+ 1/2-1/2

[Event "35th T-ch GR"]
[Site "Ermioni"]
[Date "2006.07.10"]
[Round "7.1"]
[White "Mihailidis, Anastacios"]
[Black "Nikolaidis, Ioannis"]
[Result "0-1"]
[WhiteElo "2252"]
[BlackElo "2538"]
[PlyCount "66"]
[EventDate "2006.07.03"]

1. e4 c6 2. c4 g6 3. Nc3 Bg7 4. d4 d6 5. h3 a6 6. a4 a5 7. f4 Na6 8. Nf3 Nf6 9.
Be3 Nb4 10. Be2 Nh5 11. Kf2 Nf6 12. Rf1 O-O 13. Kg1 Qc7 14. Rc1 Nd7 15. e5 Nb6
16. Qe1 Bf5 17. Qd2 Rad8 18. g4 Bc8 19. Qe1 f6 20. Qh4 h6 21. Kh1 dxe5 22. dxe5
Nd3 23. Nb5 cxb5 24. cxb5 Nc4 25. b3 Be6 26. Rc3 g5 27. fxg5 fxg5 28. Bxg5 Rxf3
29. Rxf3 hxg5 30. Qh5 Ndxe5 31. Bxc4 Bxc4 32. bxc4 Nxf3 33. Rxf3 Rd1+ 0-1

[Event "35th T-ch GR"]
[Site "Ermioni"]
[Date "2006.07.10"]
[Round "7.2"]
[White "Komninos, Nikolaos"]
[Black "Halkias, Stelios"]
[Result "0-1"]
[WhiteElo "2149"]
[BlackElo "2551"]
[PlyCount "110"]
[EventDate "2006.07.03"]

1. e4 c5 2. Nf3 Nc6 3. d4 cxd4 4. Nxd4 Nf6 5. Nc3 e5 6. Ndb5 d6 7. Bg5 a6 8.
Na3 b5 9. Bxf6 gxf6 10. Nd5 f5 11. c3 Bg7 12. Bd3 Be6 13. Nxb5 axb5 14. Bxb5
Bd7 15. exf5 Nb8 16. Qd3 O-O 17. O-O Bxb5 18. Qxb5 Nd7 19. Rfd1 Nf6 20. a4 Rb8
21. Qe2 Nxd5 22. Rxd5 Qb6 23. Rb5 Qa6 24. c4 d5 25. Rxd5 Rb4 26. b3 Rxb3 27.
Rb5 Rc3 28. a5 Rc8 29. f6 Bxf6 30. Qg4+ Bg7 31. Qd7 R3xc4 32. g3 h5 33. Rd1 Rc1
34. Rxc1 Rxc1+ 35. Kg2 Bf6 36. g4 Kg7 37. gxh5 Qc6+ 38. Qxc6 Rxc6 39. Kf3 Rc4
40. Rb6 Bg5 41. a6 Ra4 42. Ke2 e4 43. Kf1 Bh6 44. Kg2 Ra2 45. Kg3 f5 46. h4 Bd2
47. Rb7+ Kh6 48. a7 Be1 49. Kf4 Rxf2+ 50. Ke5 Bc3+ 51. Ke6 Ra2 52. Kxf5 e3 53.
Re7 Bd4 54. Re6+ Kxh5 55. Re8 Rxa7 0-1